000 00733nam a2200205 i 4500
001 77374
003 ES-MaACL
005 20251210144620.0
007 t|
008 041008s1953 sp ||||1| spa d
100 1 _aGutiérrez-Ravé, José.
_961208
245 1 4 _aLas Cortes errantes del Frente popular /
_cJosé Gutiérrez-Ravé ; prólogo del Conde de Vallellano.
260 _aMadrid :
_bEditora Nacional,
_c1953 (
_fEstades)
300 _a245 p. ;
_c21 cm.
490 1 _aLibros de actualidad política ;
_v14
700 1 _aSuárez de Tangil y de Angulo, Fernando,
_cConde de Vallellano
_9108609
830 0 _aLibros de actualidad política ;
_v14
_9182069
852 _aES-MaACL
_jC-6772
_bR.35981
999 _c77374
_d77374